000 03467cam a22005534i 4500
003 PE-LiUPU
005 20250731184509.0
008 141017r20151999xxu eng d
020 _a162837036X
020 _a9781628370362
035 _a(Sirsi) i9781628370362
040 _aBTCTA
_bspa
_cBTCTA
_dYDXCP
_dSYB
_dOCLCF
_dCDX
_dPE-LiUPU
_erda
082 0 4 _a935
_bH21
_223
245 0 0 _aHandbook of Ugaritic Studies /
_cedited by Wilfred G. E. Watson and Nicolas Wyatt.
246 1 _iTitle on cover :
_aHdO
_bHandbook of Ugartic studies
264 1 _aAtlanta,
_bSBL Press :
_c[1999].
300 _axii, 892 páginas :
_bilustraciones ;
_c23 centímetros.
336 _atext
_2rdacontent
337 _aunmediated
_2rdamedia
338 _avolume
_2rdacarrier
490 0 _aHandbook of oriental studies
_vVolume 39
504 _aBibliografía : páginas 755-823.
504 _aÍndices: páginas 827-892.
505 0 _aGeneral introduction / Wilfred Watson, Nicolas Wyatt -- Ras Shamra, Minet el-Beida and Ras Ibn Hani : the material sources / Adrian Curtis -- The syllabic Akkadian texts / Wilfred van Soldt -- The alphabetic Ugaritic tablets / Wayne Pitard -- The Hurrian and Hittite texts / Manfried Dietrich, Walter Mayer -- The decipherment of Ugaritic / Kevin Cathcart -- The Ugaritic script / Manfried Dietrich, Oswald Loretz -- Ugaritic grammar / Josef Tropper -- Ugaritic lexicography / Wilfred Watson -- Ugaritic words in syllabic texts / John Huehnergard -- Ugaritic prose / Meindert Dijkstra -- Ugaritic poetry / Wilfred Watson -- The mythological texts / John Gibson -- The legend of Keret / Barugh Margalit -- The story of Aqhat / Nicolas Wyatt -- The Rpum texts / Wayne Pitard -- The incantations / Klaas Spronk -- The rituals / Paolo Merlo, Paolo Xella -- The offering lists and the god lists / Gregorio del Olmo Lete -- The omen texts / Paolo Xella -- The Ugaritic letters / Jesús-Luis Cunchillos -- The Akkadian letters / John Huenhergard -- The legal texts from Ugarit / Ignacio Márquez Rowe -- The economy of Ugarit / Michael Heltzer -- The society of Ugarit / Juan-Pablo Vita -- The onomastics of Ugarit / Richard Hess -- The religion of Ugarit : an overview / NIcolas Wyatt -- The iconography of Ugarit / Izak Cornelius -- A political history of Ugarit / Itamar Singer -- The current state of Ugaritic studies and technology / Theodore Lewis, Steven Wiggins -- Storage and analysis of the texts / Jesús-Luis Cunchillos.
526 _aP136
526 _aP135
526 _aP134
526 _aP133
526 _aP144
526 _aP143
526 _aP87
526 _aP35
526 _aP20
526 _aP14
526 _aP10
526 _aP06
650 0 _aFilología Ugaritic.
650 0 _aInscripciones cuneiformes, Ugaritic.
651 0 _aUgarit (Ciudad extinta)
700 1 _aWatson, Wilfred G. E.,
_eeditor.
700 1 _aWyatt, N.
_q(Nick),
_eeditor.
910 _ajck
_bebj
_cebj
_d20160613
942 _2ddc
_cBOOK
949 _a935 H21
_wDEWEY
_c1
_i73630
_lCCODEBUL1
_mBUL
_p75.00
_r0
_sY
_tBOOK
_u2016-6-13
_xTEOLOGIA
_PP35
_0COMPRA
_o.STAFF. Colección General Teología
994 _aC0
_bPEPRU
596 _a1
999 _a935 H21
_wDEWEY
_c9893
_i73630
_f2021-11-11
_g5
_lCCODEBUL1
_mBUL
_p75.00
_r0
_sY
_tBOOK
_u2016-6-13
_xTEOLOGIA
_PP35
_0COMPRA
_o.STAFF. Colección General Teología
_d9893
980 _81
_gALBERTO SANCHEZ Responsable de Automatización